000 00518nam a2200181 4500
003 SEACOMMC
005 20250501153155.0
008 241105b |||||||| |||| 00| 0 eng d
020 _a 978-81-22440-11-9
_cRs.280.00
040 _aSEACOMMC
082 _a 330.954
_bA 227
100 _aAgrawal, A N
245 1 _aIndian Economy Problems of Development and Planning /
_cA N Agrawal
250 _arev.33rd ed.
260 _aKolkata
_b New Age International
_c 2007
650 _a Economic History -- India
942 _cBOOK
999 _c738
_d738